000 00978nam a2200229Ia 4500
001 L210-3980
003 IT-CnALBA
008 170116s9999||||xx |||||||||||||| ||und||
040 _aIT-CnALBA
_cIT-CnALBA
041 _aITALIANO
100 _aMARUCCHI ORAZIO
245 0 _aMANUALE DI ARCHEOLOGIA CRISTIANA.
250 _a4a ed.
260 _a ROMA PARIS TOURNAI
_bDESCLEE & C. EDIT.
_c1933 [1° Ed.: n.d.]
300 _a414 p. (prefazione: 78)
500 _aFONTI DELL'ARCHEOLOGIA CRISTIANA. STORIA DELLE PERSECUZIONI. CIMITERI CRISTIANI. EPIGRAFIA CRISTIANA. ANTICA ARTE CRISTIANA. LE BASILICHE CRISTIANE.
501 _aSocietà San Paolo EM - Piazza San Paolo, 14 - 12051 ALBA (CN) (non commercial uses only) ® Copyright 2017
520 _aFONTI DELL'ARCHEOLOGIA CRISTIANA. STORIA DELLE PERSECUZIONI. CIMITERI CRISTIANI. EPIGRAFIA CRISTIANA. ANTICA ARTE CRISTIANA. LE BASILICHE CRISTIANE.
650 _aRELIGIONE NATURALE
942 _cBK
957 _71
999 _a4958
_bSI
_g Copie: 1
_c263166
_d263166